000
00313nmm a2200133 a 4500
003
AR-BaBNM
005
20251128202919.0
008
184019s1894 ||||||||||||||000 | spa||
040
_c
AR-BaBNM
245
1
0
_a
Album de la guerra del Paraguay
_n
2
260
_a
[S.l.]
_b
[s.n.]
_c
1894
942
_c
BK
998
_c
Jacobzon
999
_c
1166
_d
1166